LAW OF CONTRACT (Record no. 9546)

MARC details
000 -LEADER
fixed length control field 00305nam a22001457a 4500
003 - CONTROL NUMBER IDENTIFIER
control field SGT
082 ## - DEWEY DECIMAL CLASSIFICATION NUMBER
Classification number 346.4202,FUR
100 ## - MAIN ENTRY--PERSONAL NAME
Personal name FURMSTON,M.P
245 ## - TITLE STATEMENT
Title LAW OF CONTRACT
250 ## - EDITION STATEMENT
Edition statement 16TH
260 ## - PUBLICATION, DISTRIBUTION, ETC. (IMPRINT)
Place of publication, distribution, etc NEW DELHI
Name of publisher, distributor, etc OXFORD
Year of Publication 2013
300 ## - PAGE DESCRIPTION
No. of Pages 831
650 ## - SUBJECT ADDED ENTRY--TOPICAL TERM
Topical term or geographic name as entry element PRIVATE LAW, CONTRACT
942 ## - ADDED ENTRY ELEMENTS (KOHA)
Source of classification or shelving scheme Dewey Decimal Classification
Koha item type Books
942 ## - ADDED ENTRY ELEMENTS (KOHA)
-- 1
Holdings
Withdrawn status Lost status Source of classification or shelving scheme Damaged status Not for loan Collection code Home library Current library Shelving location Date acquired Vendor Name Cost, normal purchase price SGTU Bill Number Full call number Accession No. (Barcode) Date last seen Bill Date Koha item type Total Checkouts Date last borrowed Total Renewals
    Dewey Decimal Classification   Not For Loan LAW SGT Science & Social Sciences Library SGT Science & Social Sciences Library Reference Book 19/07/2016 SATYAM BOOKS 995.00 SGTU 985 346.4202,FUR FL09 19/07/2016 22/01/2014 Books      
    Dewey Decimal Classification     LAW SGT Science & Social Sciences Library SGT Science & Social Sciences Library Text Book 19/07/2016 SATYAM BOOKS 995.00 SGTU 985 346.4202,FUR FL10 15/04/2026 22/01/2014 Books 1 30/03/2026  
    Dewey Decimal Classification     LAW SGT Science & Social Sciences Library SGT Science & Social Sciences Library Text Book 19/07/2016 SATYAM BOOKS 995.00 SGTU 985 346.4202,FUR FL11 10/11/2017 22/01/2014 Books 2 02/06/2017 4
    Dewey Decimal Classification     LAW SGT Science & Social Sciences Library SGT Science & Social Sciences Library Text Book 19/07/2016 SATYAM BOOKS 995.00 SGTU 985 346.4202,FUR FL12 11/11/2021 22/01/2014 Books 1 10/11/2021  
    Dewey Decimal Classification     LAW SGT Science & Social Sciences Library SGT Science & Social Sciences Library Text Book 19/07/2016 SATYAM BOOKS 995.00 SGTU 985 346.4202,FUR FL13 10/02/2022 22/01/2014 Books 2 23/09/2019